La oratoria en Honduras : (Record no. 2414)
[ view plain ]
| 000 -CABECERA | |
|---|---|
| campo de control de longitud fija | 00728cam a2200205 a 4500 |
| 001 - NÚMERO DE CONTROL | |
| campo de control | 000002578 |
| 005 - FECHA Y HORA DE LA ÚLTIMA TRANSACCIÓN | |
| campo de control | 20200929150221.0 |
| 008 - DATOS DE LONGITUD FIJA--INFORMACIÓN GENERAL | |
| campo de control de longitud fija | 820322s1979 ho b 001 0 spa |
| 040 ## - FUENTE DE LA CATALOGACIÓN | |
| Centro catalogador/agencia de origen | DO-SdBNP |
| Centro/agencia transcriptor | DLC |
| Centro/agencia modificador | DLC |
| 082 ## - NÚMERO DE LA CLASIFICACIÓN DECIMAL DEWEY | |
| Número de clasificación | Ho808.51 |
| Número de documento/Ítem | P348ó |
| 100 1# - ENTRADA PRINCIPAL--NOMBRE DE PERSONA | |
| Nombre de persona | Paz Barnica, Edgardo |
| 9 (RLIN) | 8115 |
| 245 13 - MENCIÓN DE TÍTULO | |
| Título | La oratoria en Honduras : |
| Resto del título | desde la colonia a nuestros dias / |
| Mención de responsabilidad, etc. | Edgardo Paz Barnica. |
| 260 ## - PUBLICACIÓN, DISTRIBUCIÓN, ETC. | |
| Lugar de publicación, distribución, etc. | Tegucigalpa, Honduras : |
| Nombre del editor, distribuidor, etc. | Universidad Nacional Autonoma de Honduras, |
| Fecha de publicación, distribución, etc. | 1979. |
| 300 ## - DESCRIPCIÓN FÍSICA | |
| Extensión | 222 p. ; |
| Dimensiones | 21 cm. |
| 504 ## - NOTA DE BIBLIOGRAFÍA, ETC. | |
| Nota de bibliografía, etc. | Bibliografía: p. 213-217. |
| 650 #4 - PUNTO DE ACCESO ADICIONAL DE MATERIA--TÉRMINO DE MATERIA | |
| Término de materia o nombre geográfico como elemento de entrada | Oratoria |
| Subdivisión geográfica | Hondura |
| Subdivisión general | Colecciones |
| 9 (RLIN) | 8116 |
| 651 #4 - PUNTO DE ACCESO ADICIONAL DE MATERIA--NOMBRE GEOGRÁFICO | |
| Nombre geográfico | Hondura |
| Subdivisión general | Política Y Gobierno |
| 9 (RLIN) | 8117 |
| 650 #4 - PUNTO DE ACCESO ADICIONAL DE MATERIA--TÉRMINO DE MATERIA | |
| Término de materia o nombre geográfico como elemento de entrada | Literatura hondureña |
| 9 (RLIN) | 836 |
| 910 ## - DATOS DE OPCIÓN DEL USUARIO (OCLC) | |
| Datos de opción del usuario | Catalogación por copia / LC |
| Estado de retiro | Estado de pérdida | Restricciones de uso | No para préstamo | Código de colección | Localización permanente | Ubicación/localización actual | Ubicación en estantería | Fecha de adquisición | Número de inventario | Total de préstamos | Signatura topográfica completa | Código de barras | Fecha visto por última vez | Precio válido a partir de | Tipo de ítem Koha |
|---|---|---|---|---|---|---|---|---|---|---|---|---|---|---|---|
| Préstamo interno | Monografías: Libros y Folletos | General | General | En catalogación | 10.07.2009 | LF1 | Ho808.51 P348ó | 2578-10 | 25.06.2020 | 25.06.2020 | Préstamo interno |
